[Event "Budapest Spring Festival 2018"]
[Site "Budapest"]
[Date "2018.04.23"]
[Round "6"]
[White "Dedebas, Emre Emin"]
[Black "Barski, Radoslaw"]
[Result "0-1"]
[WhiteElo "2320"]
[BlackElo "2432"]
[Annotator "TA"]
[PlyCount "58"]
[EventDate "2018.??.??"]
[EventType "swiss"]
[EventCountry "HUN"]
[SourceTitle "playchess.com"]
[Source "ChessBase"]
[SourceQuality "1"]

{[%evp 17,58,31,39,0,4,7,16,0,0,0,16,-8,0,-12,0,-14,0,0,0,0,0,0,11,-24,12,-6,29,-29,-25,-30,-27,-21,-20,-3,0,-145,-114,-562,-581,-550,-538,-888,-850]} 1. d4 Nf6 2. Nf3 e6 3. c4 d5 4. Nc3 a6 5. cxd5 exd5 6. Bg5 {D37: Queen's Gambit Declined: 5 Bf4} Be6 7. e3 Nbd7 8. Bd3 Bd6 9. O-O (9. Bf4 Qe7 10. O-O O-O 11. h3 Rfe8 12. Qc2 {½-½ (12) Aronian,L (2805)-Carlsen,M (2837) Riadh 2017}) 9... O-O {LiveBook: 23 Games} 10. Rb1 c6 11. Qc2 $146 ({Predecessor:} 11. b4 Bg4 12. Be2 Bf5 13. Rb2 Re8 {½-½ (77) Huang,Q (2438)-Ning,K (2169) Shenzhen 2017}) 11... Qc7 12. Bh4 Bg4 13. Bg3 Bh5 14. Ne2 Bxg3 15. Nxg3 Bg6 16. Rfc1 Rfe8 17. Bxg6 hxg6 18. Nd2 a5 19. Ne2 Qd6 20. Nc3 Rac8 21. a3 b5 {[%cal Bb7b5,Bb5b4][%mdl 32]} 22. a4 ({White should try} 22. Nf3) 22... b4 $11 23. Ne2 $1 c5 24. dxc5 $1 Nxc5 25. Nd4 Qd7 26. Nb5 {[#]} (26. N2b3 $11 {remains equal.}) 26... Ng4 $1 $36 {[%cal Rg4f2][%mdl 2048] ...Nxf2! is the strong threat. White is under strong pressure.} 27. Qxc5 $4 {[%mdl 8192]} (27. Qd1 $17) 27... Rxc5 $19 {Black is clearly winning.} 28. Rxc5 Qe7 29. h3 {And now Rc7 would win.} Qxc5 {Precision: White = 32%, Black = 51%.} 0-1

[Event "Budapest Spring Festival 2018"]
[Site "Budapest"]
[Date "2018.04.23"]
[Round "6"]
[White "Donchenko, Anatoly"]
[Black "Gavrilescu, David"]
[Result "1/2-1/2"]
[WhiteElo "2309"]
[BlackElo "2436"]
[Annotator "TA"]
[PlyCount "119"]
[EventDate "2018.??.??"]
[EventType "swiss"]
[EventCountry "HUN"]
[SourceTitle "playchess.com"]
[Source "ChessBase"]
[SourceQuality "1"]

{[%evp 11,119,-12,-11,-12,-8,-4,-4,-10,-2,-21,-30,-81,-30,-75,-68,-80,-66,-79,-23,-19,-20,-16,0,-2,0,0,0,-67,-72,-76,-67,-118,-118,-119,-117,-116,-108,-152,-142,-150,-149,-154,-147,-137,-111,-120,-121,-106,0,0,-4,-8,-9,-31,-36,-44,-44,-44,-44,-51,-51,-59,-62,-70,-31,-416,-393,-383,-370,-349,-152,-168,0,-41,-46,-352,-334,-255,-217,-209,-209,-185,-87,-100,-43,-45,-45,-45,-55,-43,0,-28,0,0,0,0,0,0,0,0,0,0,0,0,0,0,0,0,0,0]} 1. Nf3 d5 2. d4 Bf5 3. c4 e6 4. Nc3 Nf6 5. Bg5 c6 6. Bxf6 {D06: Queen's Gambit: Symmetrical and Baltic Defences} (6. e3 Nbd7 7. Bd3 Bxd3 8. Qxd3 Be7 9. O-O O-O 10. Rfd1 Rc8 11. Rac1 h6 12. Bxf6 Nxf6 13. c5 Qc7 14. b4 Nd7 15. Ne2 b6 16. Qa6 Nb8 17. Qa4 Nd7 {½-½ (56) Kramnik,V (2800)-Nepomniachtchi,I (2751) Moscow 2018}) 6... Qxf6 {LiveBook: 6 Games} 7. e3 Nd7 8. Bd3 Bg4 $146 {[%cal Bf5g4,Bg4h5,Bh5g6][%mdl 32]} ({Predecessor:} 8... Bd6 9. cxd5 exd5 10. Bxf5 Qxf5 11. Qb1 Qxb1+ 12. Rxb1 a5 13. O-O f5 {½-½ (40) Aranha Filho,A (2279)-Rios Filho,H (2180) Botafogo 2015}) 9. h3 Bh5 10. Qe2 Bb4 11. O-O-O (11. Rc1 $11 {remains equal.}) 11... Qe7 (11... O-O $17) 12. g4 Bg6 13. cxd5 exd5 14. h4 O-O-O ({Better is} 14... Bxc3 $17 15. bxc3 Bxd3 16. Rxd3 O-O) 15. h5 $11 Be4 16. Bxe4 dxe4 17. Nd2 Nf6 18. g5 Bxc3 $1 19. gxf6 (19. bxc3 $11 Qa3+ 20. Kb1) 19... Bxd2+ $1 $15 20. Rxd2 gxf6 {[%cal Bg7f6,Bf6f5][%mdl 32]} 21. Qg4+ (21. d5 $15) 21... Qe6 $17 22. Rg1 f5 $1 {[%cal Rf5g4]} 23. Qf4 Rhg8 24. Rdd1 Rg4 ({And not} 24... Qxa2 25. Rxg8 Rxg8 26. Qxf5+ Qe6 27. Qxh7 $11) 25. Rxg4 fxg4 {[%mdl 4096] Endgame KQR-KQR} 26. Kb1 h6 27. Rc1 Rd5 28. Rc5 Rxc5 29. dxc5 {KQ-KQ} f5 (29... b6 $17 30. cxb6 axb6) 30. b4 $11 b6 {Threatening ...Kb7.} 31. Kb2 Kb7 {Black wants to play ...Qc4.} 32. cxb6 axb6 {Hoping for ...Qf6+.} 33. a4 $1 Qf6+ 34. Kb3 Qf7+ 35. Ka3 Qxh5 {aiming for ...Qg6.} 36. Qd6 Qf7 37. Qxh6 Qd7 (37... f4 $5 38. exf4 Qd7 $15) 38. Qf4 $2 {[%mdl 8192]} (38. Kb3 $15) 38... Qd3+ 39. Kb2 Qd2+ $1 40. Kb3 Qd1+ (40... Qd5+ $19 41. Kb2 c5 42. bxc5 Qxc5) 41. Ka3 $17 {[#]} Qd3+ (41... c5 $1 $19 {[%cal Rc5c4] ( -> ...c4)} 42. bxc5 Qc1+ 43. Kb3 Qxc5) 42. Kb2 $15 Qd5 43. Ka3 $2 {[%mdl 8192]} (43. Qh2 $15) 43... c5 $19 44. bxc5 Qxc5+ 45. Kb3 Qd5+ 46. Kc3 Kc6 (46... Ka7 $19 {and Black stays clearly on top.} 47. Qc7+ Ka6) 47. Qb8 $17 {[#]} Qd3+ (47... Qc5+ $1 $17 48. Kb3 Qd5+ 49. Kc3 Qd3+ 50. Kb2 Qd7) 48. Kb2 $1 $15 Qd2+ 49. Kb3 {Threatens to win with Qc8+.} Qd1+ 50. Kb2 {Black must now prevent Qc8+.} Qd2+ 51. Kb3 {Qc8+ is the strong threat.} Qxf2 52. Qc8+ {The position is equal.} Kd6 53. Qd8+ Ke6 54. Qe8+ Kf6 55. Qf8+ Kg5 56. Qd8+ Kh5 57. Qh8+ Kg6 (57... Kg5 $5 {[%cal Rf2e3]} 58. Qd8+ Kg6 59. Qg8+ Kh5 60. Qh8+ Kg6 61. Qg8+ Kf6 62. Qf8+ Kg5 63. Qd8+ $11) 58. Qg8+ Kh6 59. Qh8+ Kg5 60. Qd8+ $1 {Precision: White = 56%, Black = 57%.} 1/2-1/2

[Event "Budapest Spring Festival 2018"]
[Site "Budapest"]
[Date "2018.04.23"]
[Round "6"]
[White "Szieberth, Adam"]
[Black "Henderson De La Fuente, Lance"]
[Result "0-1"]
[WhiteElo "2298"]
[BlackElo "2459"]
[Annotator "TA"]
[PlyCount "106"]
[EventDate "2018.??.??"]
[EventType "swiss"]
[EventCountry "HUN"]
[SourceTitle "playchess.com"]
[Source "ChessBase"]
[SourceQuality "1"]

{[%evp 21,106,-55,-50,-56,-38,-35,-31,-60,-61,-98,-85,-83,-83,-77,-52,-66,-31,-116,-8,-84,-50,-89,-46,-91,-97,-95,-89,-88,-33,-28,-14,-8,6,-39,35,53,52,24,79,78,104,21,57,57,57,62,64,70,67,69,70,78,65,27,35,-9,-12,-17,-17,-17,-17,-25,-18,-18,-18,-29,-28,-143,-145,-147,-151,-132,-80,-369,-369,-510,-366,-645,-626,-655,-668,-1233,-1310,-1556,-1272,-4698,-1582]} 1. Nf3 d5 2. b3 Nf6 3. Bb2 e6 4. g3 Be7 5. Bg2 O-O 6. O-O c5 7. d3 Nc6 8. Nbd2 b6 {A06: Réti Opening:1 Nf3 d5} (8... Qc7 9. Re1 e5 10. e4 d4 11. Nh4 g6 12. Bc1 Bg4 13. Nhf3 b5 14. h3 Bd7 15. Nh2 Qc8 16. h4 h5 {1-0 (69) Gabuzyan,H (2614)-Kotanjian,T (2485) Yerevan 2016}) 9. e4 Bb7 10. e5 Nd7 {[%cal Bf6d7,Bd7b6,Bb6d5,Bd5c3][%mdl 32]} 11. Re1 Qc7 {LiveBook: 3 Games} 12. a3 d4 13. Qe2 Rfd8 $146 ({Predecessor:} 13... a5 14. Rac1 Rfd8 15. h3 Rac8 {½-½ (43) Mueller,J (1825)-Naber,A (1711) Niederrhein 2003}) 14. h4 b5 15. Nf1 Nb6 16. N1h2 Bf8 17. Ng4 Nd5 18. Ng5 h6 19. Nh3 (19. Ne4 $15) 19... c4 (19... a5 $17 {next ...a4 is good for Black.} 20. a4 bxa4 21. Bxd5 Rxd5) 20. Bc1 (20. dxc4 $11 bxc4 21. Qxc4) 20... Nce7 21. dxc4 Nc3 22. Qd3 Bxg2 23. Kxg2 bxc4 24. bxc4 Rac8 (24... Nf5 $17 25. Nh2 Rac8) 25. Bxh6 $1 $15 Qxc4 26. Bg5 $40 {[%mdl 128] White has some attack.} Na4 27. Re2 Qxd3 (27... Qd5+ $15 28. Kg1 Nc5) 28. cxd3 $14 Rc3 29. Nf4 Rb8 {[#]} (29... Nc5 $11 {keeps the balance.}) 30. h5 $1 $16 Nf5 31. Rh1 (31. h6 $1 $16) 31... Nh6 32. Bxh6 gxh6 33. Nf6+ Kh8 34. Nd7 Rd8 35. Nxf8 Rxf8 36. Rb1 Nc5 37. Rb4 Rd8 38. Rc4 Nxd3 39. Rxc3 Nxf4+ 40. gxf4 dxc3 $11 {[%mdl 4096] Endgame KR-KR} 41. Rc2 Rc8 42. Kf3 Rc4 43. Ke3 Kg7 44. Kd3 (44. f5 $11 {remains equal.}) 44... Rxf4 $17 45. Ke3 Rf5 46. Ke4 f6 (46... Rxh5 $142 {...Rh4+ is the strong threat.} 47. Rxc3 Rh2 48. Rg3+ Kf8) 47. f4 $2 {[%mdl 8192] [#]} (47. Rxc3 $17 Rxe5+ 48. Kf3) 47... fxe5 $19 48. fxe5 Rxh5 49. Kd4 $2 (49. Kd3) 49... Rh3 {Black is clearly winning.} 50. Kc5 Kg6 51. Kd6 Kf5 52. Rf2+ Ke4 53. Kxe6 Kd3 {Precision: White = 33%, Black = 46%.} 0-1

[Event "Budapest Spring Festival 2018"]
[Site "Budapest"]
[Date "2018.04.23"]
[Round "6"]
[White "Vanczak, Tamas"]
[Black "Tica, Sven"]
[Result "1/2-1/2"]
[WhiteElo "2282"]
[BlackElo "2442"]
[Annotator "TA"]
[PlyCount "147"]
[EventDate "2018.??.??"]
[EventType "swiss"]
[EventCountry "HUN"]
[SourceTitle "playchess.com"]
[Source "ChessBase"]
[SourceQuality "1"]

{[%evp 16,147,-4,-13,0,0,13,-2,0,-6,-1,-7,-17,-21,-4,-8,0,-48,-36,-39,-52,-30,0,0,0,-27,0,0,33,37,104,26,89,-48,-53,-32,0,-16,-9,-4,-4,-20,0,0,67,29,56,0,18,0,0,-4,-4,-4,-8,-20,-27,-50,0,-14,0,-10,-15,-39,-31,-25,-12,-18,113,106,106,106,141,141,160,119,149,139,144,133,129,45,68,43,80,53,84,20,60,64,45,0,0,0,0,0,0,0,104,104,104,104,104,104,104,104,104,104,104,104,104,104,104,104,104,104,104,104,104,104,104,0,0,0,0,0,0,0,0,0,0,0,0,0]} 1. d4 d5 2. Bf4 c5 3. e3 Nc6 4. c3 Nf6 5. Nd2 e6 6. h3 {D00: 1 d4 d5: Unusual lines} (6. Ngf3 Bd6 7. Bg3 O-O 8. Bb5 Be7 9. Bd3 b6 10. O-O Bb7 11. h3 Bd6 12. Bh4 Be7 13. Qb1 h6 14. a3 Nh5 15. Bxe7 Qxe7 {½-½ (64) Carlsen,M (2837)-Wang,H (2709) Riadh 2017}) 6... Bd6 7. Bxd6 Qxd6 8. Ngf3 {[%cal Bg1f3,Bf3e5,Be5c4][%mdl 32]} O-O 9. Bb5 {LiveBook: 10 Games} Ne7 $146 ({Predecessor:} 9... Bd7 10. a4 Ne7 11. O-O Bxb5 12. axb5 {½-½ (88) Corrales Jimenez,F (2586)-Gonzalez Vidal,Y (2507) Las Tunas 2009}) 10. Bd3 b6 11. O-O Bb7 12. Ne5 Ne4 13. Bxe4 dxe4 14. Qc2 f6 15. Nec4 Qc6 16. dxc5 Qxc5 17. Na3 f5 18. Nb3 Qc7 19. Nd4 Rf6 20. Rad1 (20. Qb3 $5 {[%cal Rd4e6]}) 20... a6 21. Qb3 Kf7 22. Rd2 Qc5 ({Black should play} 22... Rc8 $14) 23. Rfd1 (23. Nc4 $1 $16) 23... Rc8 (23... b5 $11) 24. Qa4 (24. Nxe6 $16 Rxe6 25. Rd7) 24... b5 $1 $15 {[%cal Rb5a4]} 25. Qa5 $1 Nd5 26. c4 bxc4 27. Qxc5 Rxc5 28. Rc1 Ke7 29. Rxc4 Kd6 (29... Rxc4 $11 30. Nxc4 Rf8) 30. b4 Rc8 31. Rdc2 Rff8 32. Rxc8 (32. Nb3 {is more complex.} Nb6 33. Nc5 Bd5 34. R4c3 Ra8 35. Nb1) 32... Rxc8 33. Rxc8 Bxc8 $11 {[%mdl 4096] Endgame KBN-KNN} 34. Nc4+ Ke7 35. a3 Bd7 36. Kf1 Kf6 (36... Bb5 $5 37. Nxb5 axb5 $15) 37. Nd2 g5 38. N4b3 Bb5+ 39. Kg1 Ke5 40. Nc5 Kd6 41. Ndb3 e5 (41... Nc3 $11 {keeps the balance.}) 42. g4 $16 fxg4 43. Nxe4+ Ke7 44. hxg4 h6 45. Kh2 Be2 46. Kg3 Kd7 47. Nbc5+ Kc6 48. Ne6 (48. Kg2 $16) 48... Kb5 $14 49. N4c5 Bc4 50. Ng7 a5 {Threatening ...Nxb4.} 51. Nb7 ({Better is} 51. Nd7 $16 {aiming for bxa5.} Nxb4 52. Nf5 (52. axb4 $2 a4 $19) (52. Nxe5 Bd5 $16)) 51... axb4 52. Nd6+ Kc5 53. Nxc4 (53. Ne4+ {keeps more tension.} Kc6 54. axb4 Bd3 55. Nd2 Nxb4 56. e4) 53... Kxc4 54. axb4 {KN-KN} Nf6 55. Kf3 Kxb4 56. Nf5 Ng8 (56... e4+ $11 57. Kg3 Ng8) 57. e4 $1 $16 Kc5 58. Ke3 Kc6 59. f3 Kd7 60. Kd3 Ke6 {[#]} 61. Kc4 $1 Nf6 62. Nxh6 Nd7 63. Nf5 Nf8 64. Ng3 Ng6 65. Nf1 Nh4 66. Nd2 Kd6 67. Kb5 Ng2 {[#]} 68. Nc4+ (68. Nf1 $1 $16) 68... Ke6 $11 {The position is equal.} 69. Kc6 $1 Ne1 70. Nd2 Nc2 $1 71. Kc7 Nd4 72. Kd8 Kd6 73. Ke8 Ke6 74. Kf8 {Precision: White = 52%, Black = 46%.} 1/2-1/2

[Event "Budapest Spring Festival 2018"]
[Site "Budapest"]
[Date "2018.04.23"]
[Round "6"]
[White "Szabo, Marton Mihaly"]
[Black "Bryzgalin, Kirill"]
[Result "1-0"]
[WhiteElo "2281"]
[BlackElo "2440"]
[Annotator "TA"]
[PlyCount "83"]
[EventDate "2018.??.??"]
[EventType "swiss"]
[EventCountry "HUN"]
[SourceTitle "playchess.com"]
[Source "ChessBase"]
[SourceQuality "1"]

{[%evp 14,83,68,66,91,90,91,88,89,91,105,98,111,49,47,14,22,21,29,34,46,43,75,45,67,6,62,58,44,30,47,29,75,92,90,46,42,35,51,42,36,37,33,47,46,0,28,38,109,79,77,12,349,18,21,22,24,29,251,234,246,244,572,572,564,561,537,526,29985,1119,29986,29987]} 1. e4 e5 2. Nf3 Nc6 3. Nc3 g6 4. d4 exd4 5. Nxd4 Bg7 6. Be3 d6 7. Qd2 Nxd4 {C46: 3 Nc3: Unusual Black 3rd moves} (7... Nf6 8. f3 O-O 9. O-O-O Be6 10. g4 Nxd4 11. Bxd4 c5 12. Be3 Qa5 13. Bh6 Rfd8 14. Bxg7 Kxg7 15. h4 Bxa2 16. Nxa2 Qxa2 17. Qc3 d5 18. g5 Qa1+ 19. Kd2 dxe4+ 20. Bd3 Qa4 21. b3 Qe8 22. Qxf6+ Kg8 23. Rhe1 Qd7 24. Rxe4 b5 25. h5 gxh5 26. Re7 Qd5 27. Kc1 Kf8 28. Be2 {1-0 (28) Najer,E (2633)-Mamedyarov,S (2753) Khanty-Mansiysk 2013}) 8. Bxd4 {LiveBook: 4 Games} Bxd4 9. Qxd4 Qf6 {White is better.} 10. Qe3 Ne7 11. O-O-O Bd7 12. f4 Bc6 13. h4 $146 (13. g4 $16) ({Predecessor:} 13. g4 Qe6 14. g5 f5 15. Qd4 O-O-O 16. Bc4 d5 17. exd5 Qd6 18. Qxa7 Qxf4+ 19. Kb1 b5 20. dxc6 {1-0 (20) Tomcsanyi,P (2275)-Szurovszky,E (2280) Hungary 1993}) 13... O-O-O $1 $14 14. Bc4 {next e5 is good for White.} Kb8 15. g4 Qg7 16. Rhe1 h6 17. e5 $36 {[%mdl 2048] White is pushing.} Rhe8 18. Kb1 (18. exd6 {is more complex.} cxd6 19. Qf2 h5 20. Nb5 Nc8 21. g5) 18... Nc8 19. a4 (19. Bd5 $14) 19... dxe5 ({Black should try} 19... Bd7 $11) 20. Rxd8 Rxd8 21. fxe5 Re8 22. a5 {[%cal Ba4a5,Ba5a6][%mdl 32]} g5 23. hxg5 hxg5 24. a6 Nb6 25. Bb5 Qg6 26. axb7 Bxb5 27. Nxb5 Qc6 28. Nd4 Qd5 29. Nb3 Nd7 {[%cal Rd5e5]} 30. Qxg5 Nxe5 ({Black should play} 30... Kxb7 $14 31. Qc1 Rxe5) 31. Qf4 Re6 {Threatens to win with ...Nd3.} 32. Qa4 ({Better is} 32. Qf5 $16) 32... Kxb7 $2 {[%mdl 8192] [#]} (32... Nc4 $1 $11 {and Black is okay.} 33. Rxe6 Qxe6) 33. Re4 $2 (33. c4 $1 $18 {[%cal Rc4d5][%mdl 512]} Nxc4 (33... Qxc4 34. Na5+) 34. Rxe6 fxe6 35. Qxc4 $1 {[%mdl 512]}) 33... a6 34. Rd4 Qh1+ 35. Ka2 Ka7 $2 {[#]} (35... Rb6 $11 {and Black stays safe.}) 36. Re4 $1 $18 f6 {[#]} 37. g5 $1 {[%cal Rg5f6][%mdl 512]} Qh8 $2 (37... Qh2 {is a better chance.}) (37... fxg5 38. Qd4+) 38. gxf6 Qxf6 39. Qd4+ Ka8 {Black hopes to continue with ...Nc6.} 40. Nc5 Re7 41. Qd8+ Ka7 42. Rb4 {Precision: White = 46%, Black = 36%.} 1-0

[Event "Budapest Spring Festival 2018"]
[Site "Budapest"]
[Date "2018.04.23"]
[Round "6"]
[White "Miroshnichenko, Pavel"]
[Black "Erenberg, Ariel"]
[Result "1/2-1/2"]
[WhiteElo "2258"]
[BlackElo "2406"]
[Annotator "TA"]
[PlyCount "158"]
[EventDate "2018.??.??"]
[EventType "swiss"]
[EventCountry "HUN"]
[SourceTitle "playchess.com"]
[Source "ChessBase"]
[SourceQuality "1"]

{[%evp 27,158,-8,0,-10,-10,-10,-1,-8,32,45,47,18,21,19,50,50,69,66,63,53,50,28,27,34,38,33,20,11,41,37,81,73,81,65,91,34,99,89,108,108,98,103,137,131,171,87,106,99,206,209,213,199,195,29,22,19,25,25,25,0,23,33,30,17,14,0,0,0,0,0,0,-27,-27,-29,-35,-45,-8,-8,-8,-8,-8,-18,-18,-18,-17,-51,-51,-52,-51,-68,-68,-68,-68,-68,-37,-68,-68,-68,-68,-68,-68,-68,-23,-68,-68,-68,-23,-23,-21,-21,-21,-21,-21,-21,-21,-21,-21,-21,-21,-21,-21,-21,-21,-21,-21,-21,-21,-21,-21,-21,-21,-21,-21]} 1. e4 c5 2. Nf3 d6 3. d4 cxd4 4. Nxd4 Nf6 5. Nc3 a6 6. f4 e5 7. Nf3 Nbd7 8. Bc4 Be7 9. a4 Qa5 10. Bd2 O-O {B93: Sicilian Najdorf: 6 f4} 11. Qe2 exf4 12. Nd5 Qd8 13. Bxf4 Nxd5 14. Bxd5 Nf6 {LiveBook: 8 Games} 15. Bb3 Qa5+ 16. Bd2 Qc5 17. Bc3 Bg4 $146 ({Predecessor:} 17... Re8 18. O-O-O {½-½ (41) Prizant,M (2534)-Jaworski,M (2458) Poland corr 1999}) 18. O-O-O b5 19. e5 (19. Rhe1 {is interesting.} Rfe8 20. Kb1 Nd7 21. Qd2 bxa4 22. Bxa4 Reb8 23. h3) 19... dxe5 20. Qxe5 bxa4 21. Bxa4 Rad8 22. Rxd8 Rxd8 23. Re1 Kf8 24. Qxc5 Bxc5 25. Ne5 Be6 26. Nd3 Bd6 27. Be5 Ke7 28. b4 Nd5 {[#]} 29. Bxd6+ $1 ({Much worse is} 29. Bxg7 $6 Nxb4 30. Nxb4 Bxb4 $11) 29... Rxd6 30. Kb2 Nc7 31. Re2 (31. Bb3 $16) 31... Kd8 ({Black should play} 31... Rd4 $14) 32. Nc5 $16 Kc8 33. Nxe6 Nxe6 {[%mdl 4096] Endgame KRB-KRN} 34. c4 Rd8 35. Kc3 Kc7 36. c5 (36. Rf2 $18) 36... a5 37. bxa5 Ra8 (37... Nxc5 $16 38. Bb5 Ne6) 38. Kb4 $18 Rb8+ 39. Kc4 Ra8 {[#]} 40. Rd2 $2 ({Only move:} 40. Rf2 $1 $18 {[%cal Rf2f7]} Nd8 41. Kb4) 40... Rxa5 $11 41. Bb5 {Threatens to win with Rd7+.} Nf8 42. Re2 Ne6 43. Rd2 {And now Rd7+ would win.} Nf8 44. Rf2 f6 45. Rd2 Ra1 46. Be8 Re1 47. Bb5 Rc1+ 48. Kd5 Ng6 49. Rb2 Nf4+ 50. Ke4 Ne6 51. c6 Nd8 52. Ra2 Rc5 53. Ra7+ Kb6 54. Rd7 Kxb5 55. Rxd8 Kxc6 {KR-KR} 56. Rh8 Rh5 57. h3 Kd6 58. Kf4 Ke6 59. Kg4 Rg5+ 60. Kf3 h6 {[%cal Bh7h6,Bh6h5,Bh5g4][%mdl 32]} 61. Ra8 Kf7 62. h4 Rb5 63. Ra3 Kg6 64. g3 Kf5 65. Rc3 h5 66. Ra3 g5 67. hxg5 fxg5 {[#]} 68. g4+ $1 {[%mdl 512] The position is equal.} hxg4+ 69. Kg3 Rc5 70. Rb3 Ra5 71. Rc3 Ra1 72. Rc5+ Kg6 73. Kxg4 Ra4+ 74. Kg3 Kh5 75. Rc3 Ra1 76. Rb3 Rg1+ 77. Kh2 Rg4 78. Kh3 Ra4 79. Kg3 Ra1 {Precision: White = 53%, Black = 60%.} 1/2-1/2

[Event "Budapest Spring Festival 2018"]
[Site "Budapest"]
[Date "2018.04.23"]
[Round "6"]
[White "Juhasz, Barbara"]
[Black "Toth, Ervin"]
[Result "0-1"]
[WhiteElo "2230"]
[BlackElo "2427"]
[Annotator "TA"]
[PlyCount "106"]
[EventDate "2018.??.??"]
[EventType "swiss"]
[EventCountry "HUN"]
[SourceTitle "playchess.com"]
[Source "ChessBase"]
[SourceQuality "1"]

{[%evp 24,106,0,0,42,29,22,0,59,57,79,78,64,58,89,96,80,32,59,17,54,8,6,7,7,8,8,8,10,10,8,4,9,0,0,0,0,0,0,0,0,0,0,0,0,0,0,0,0,0,0,0,0,0,0,0,0,0,0,0,0,0,0,-29,-32,-40,-8,-29976,-29977,-29980,-29981,-29981,-29982,-29982,-29983,-29983,-29984,-29984,-29985,-29985,-29986,-29986,-29987,-29987,-29988]} 1. e4 c5 2. Nf3 e6 3. d4 cxd4 4. Nxd4 a6 5. Bd3 Qc7 6. O-O Nf6 7. Qe2 d6 8. Nc3 Be7 9. Bd2 {B42: Sicilian: Kan Variation: 5 Bd3} Nbd7 (9... O-O 10. Nb3 {½-½ (10) Jovanovic,Z (2534)-Markus,R (2650) Mali Losinj 2017}) 10. Kh1 b6 11. f4 Bb7 12. Rae1 Nc5 13. e5 {LiveBook: 7 Games} Nd5 14. exd6 Bxd6 $146 ({Predecessor:} 14... Qxd6 15. Ne4 Nxe4 16. Bxe4 {1-0 (26) Kummerow,H (2314)-Esswein,K (2119) Bad Wiessee 2000}) 15. Nf5 O-O-O (15... Nxd3 $11 16. Qxd3 O-O) 16. Nxd6+ Qxd6 17. Ne4 Nxe4 18. Bxe4 Nc7 19. Bxb7+ Kxb7 20. Rd1 Qc6 21. c4 Rd4 22. b3 {Hoping for Bc3.} Rhd8 {And now ...Qd7 would win.} 23. Be3 Rxd1 24. Rxd1 Rxd1+ 25. Qxd1 Qe4 26. Qd4 Qxd4 27. Bxd4 $11 {[%mdl 4096] Endgame KB-KN} f6 28. g4 b5 29. Kg2 bxc4 30. bxc4 Ne8 31. Kf3 Nd6 32. c5 Nb5 33. Ke4 Nxd4 34. Kxd4 {KP-KP} Kc6 35. g5 h5 36. h4 Kd7 37. Kc4 Kc7 38. Kd3 Kb7 39. Ke4 Kc6 40. Kd4 Kc7 41. Kd3 Kc6 42. Kd4 a5 {Strongly threatening ...e5+.} 43. a4 {[#]} e5+ $1 {[%mdl 512]} 44. Ke4 $1 (44. fxe5 fxg5) 44... Kxc5 45. Kf5 $2 {[%mdl 8192]} (45. gxf6 $11 gxf6 46. fxe5 fxe5 47. Kxe5) 45... exf4 {Black mates.} 46. gxf6 gxf6 47. Kxf4 {K3P-KPP} Kb4 48. Kf5 Kxa4 49. Kg6 Kb3 50. Kxh5 a4 51. Kg6 a3 52. h5 a2 53. h6 a1=Q {Precision: White = 51%, Black = 75%.} 0-1

[Event "Budapest Spring Festival 2018"]
[Site "Budapest"]
[Date "2018.04.24"]
[Round "7"]
[White "Banusz, Tamas"]
[Black "Abdumalik, Zhansaya"]
[Result "0-1"]
[WhiteElo "2617"]
[BlackElo "2443"]
[Annotator "TA"]
[PlyCount "70"]
[EventDate "2018.??.??"]
[EventType "swiss"]
[EventCountry "HUN"]
[SourceTitle "playchess.com"]
[Source "ChessBase"]
[SourceQuality "1"]

{[%evp 19,70,0,0,0,12,6,18,8,14,8,37,14,32,0,0,0,0,0,0,0,0,0,19,0,0,-5,17,0,7,-171,-179,-223,-218,-393,-424,-423,-412,-425,-416,-411,-412,-473,-463,-470,-463,-433,-427,-460,-464,-511,-497,-527,-505]} 1. d4 Nf6 2. c4 g6 3. Nc3 d5 4. e3 Bg7 5. cxd5 Nxd5 6. Nxd5 {D80: Grünfeld: Unusual White 4th moves and 4 Bg5} Qxd5 7. Ne2 O-O 8. Nc3 Qd8 9. Be2 c5 10. d5 e6 {LiveBook: 40 Games} 11. e4 exd5 12. exd5 b6 13. Be3 $146 ({Predecessor:} 13. O-O) 13... Bb7 14. Qd2 Nd7 15. Rd1 a6 16. a4 Qh4 17. O-O Rfe8 18. Rfe1 h5 19. h3 Qb4 20. Bf1 Rac8 21. d6 Re6 22. Bg5 {[#] aiming for Rxe6.} Be5 23. Be7 Kg7 24. Ne4 $2 (24. g3 $11) 24... Bxb2 $19 ({Weaker is} 24... Bxe4 25. Qxb4 cxb4 26. Rxe4 $14) 25. Qxb4 cxb4 {[%cal Bc5b4,Bb4b3][%mdl 32]} 26. Rb1 $2 (26. f3) 26... Rxe4 27. Rxe4 Bxe4 28. Rxb2 Rc1 29. Bg5 Ra1 30. Rd2 b3 {Black is clearly winning.} 31. Be3 {[#] Bd4+ is the strong threat.} Rxa4 32. Re2 Bf5 33. Bc1 Be6 34. Bb2+ Kf8 35. Rd2 Ke8 {Precision: White = 39%, Black = 66%.} 0-1

[Event "Budapest Spring Festival 2018"]
[Site "Budapest"]
[Date "2018.04.24"]
[Round "7"]
[White "Gledura, Benjamin"]
[Black "Kotronias, Vasilios"]
[Result "1/2-1/2"]
[WhiteElo "2616"]
[BlackElo "2509"]
[Annotator "TA"]
[PlyCount "49"]
[EventDate "2018.??.??"]
[EventType "swiss"]
[EventCountry "HUN"]
[SourceTitle "playchess.com"]
[Source "ChessBase"]
[SourceQuality "1"]

{[%evp 28,49,-18,-25,0,0,29,36,32,33,49,0,0,0,1,2,24,4,22,0,0,-40,-40,-45]} 1. Nf3 Nf6 2. c4 g6 3. g3 Bg7 4. Bg2 O-O 5. d4 d6 6. O-O Nbd7 7. Nc3 e5 8. e4 exd4 9. Nxd4 Re8 10. h3 Nc5 11. Re1 Bd7 12. Bf4 h6 13. g4 {E68: King's Indian: Fianchetto: 6...Nbd7 7 0-0 e5 8 e4} h5 14. f3 hxg4 15. hxg4 {LiveBook: 6 Games. The position is equal.} Nh7 16. Be3 $146 ({Predecessor:} 16. Qd2 Nf8 17. Rad1 Nfe6 18. Be3 Qh4 19. Nd5 Be5 20. f4 Bg7 {1-0 (42) Minko,V (2381)-Naiditsch,A (2705) Riadh 2017}) 16... c6 17. Qd2 Qh4 18. Bf2 Qe7 19. Nde2 {With the idea Red1.} Be6 20. b3 $1 a5 {[%cal Ba7a5,Ba5a4][%mdl 32]} 21. Rad1 Rad8 22. Nd4 Bc8 23. Nce2 a4 24. b4 Nd7 $1 25. Nc3 {Precision: White = 63%, Black = 74%.} 1/2-1/2